I'm Only Me When I'm With You lyrics - Statistics

General Stats
  • This quiz has been taken 53 times
  • The average score is 227 of 292
Answer Stats
Lyrics % Correct
I
100%
on
100%
I'm
95%
me
95%
me,
95%
only
95%
when
95%
When
95%
with
95%
You
95%
you,
95%
you
95%
in
91%
be
86%
no
86%
not
86%
the
86%
up
86%
your
86%
you're
86%
do
82%
don't
82%
Don't
82%
if
82%
is
82%
that
82%
to
82%
try
82%
a
77%
and
77%
And
77%
down
77%
down,
77%
it
77%
like
77%
my
77%
out
77%
trying
77%
Trying
77%
what
77%
can
73%
crazy
73%
drive
73%
feel
73%
half
73%
isn't
73%
It's
73%
it's
73%
just
73%
Just
73%
know
73%
let
73%
other
73%
say
73%
time,
73%
true
73%
wanna
73%
we
73%
all,
68%
figure
68%
ground
68%
matter
68%
still
68%
thing,
68%
are
64%
can't
64%
fly
64%
night
64%
so
64%
hide
59%
live
59%
small
59%
without
59%
about
55%
behind
55%
boy
55%
by
55%
Everything
55%
everything
55%
fears
55%
Friday
55%
girl,
55%
hard
55%
myself
55%
or
55%
tears,
55%
tell
55%
town
55%
Well,
55%
world
55%
beneath
50%
deepest
50%
else,
50%
gets
50%
here
50%
living
50%
nobody
50%
pictures
50%
right
50%
secrets,
50%
sky
50%
stars,
50%
Through
50%
yard
50%
anybody
45%
listen
45%
painting
45%
sing
45%
crickets
41%
field
41%
need
41%
side
41%
Sometimes
36%
No matching quizzes found
Score Distribution
Percent of People with Each Score
Percentile by Number Answered
Your Score History
You have not taken this quiz